| 000 | 00833nam a2200229 a 4500 | ||
|---|---|---|---|
| 003 | BD-DhJNU | ||
| 005 | 20250517042006.0 | ||
| 008 | 070928m20079999bg ab bs 001 0 eng | ||
| 020 | _a9848360239 | ||
| 040 |
_aBD-DhJNU _bENG _cBD-DhJNU _dBD-DhJNU |
||
| 082 | 0 | 0 |
_a307.1 MUR _223 |
| 100 | 1 | _aMustafa, Golam | |
| 245 | 1 | 0 |
_aRural urban planning / _cGolam Mustafa |
| 260 |
_aDhaka : _bA H Development Pub. House, _c2007. |
||
| 300 |
_av. <1- > : _bill., maps ; _c25 cm. |
||
| 500 | _aIncludes statistical tables. | ||
| 504 | _aIncludes bibliographical references and index. | ||
| 505 | 1 | _av. 1. Concepts, development theories, communities, religion, resources, people, employment, income, poverty, climate, and disasters. | |
| 650 | 0 |
_aRural development _zBangladesh _xPlanning. |
|
| 650 | 0 |
_aCity planning _zBangladesh. |
|
| 942 | _cBK | ||
| 999 |
_c1705 _d1705 |
||